Sports Quiz

Random Sports or NFL Quiz

NFL Mid-Season All-Pros Quiz Stats

 Plays Quiz not verified by Sporcle

Score 0/36 Timer 08:00
0 Plays Today
Position Player % Correct
QuarterbackPeyton Manning
99.1%
Wide ReceiverRoddy White
95.7%
Offensive Player of the YearRoddy White
95.7%
Running BackArian Foster
95.4%
Tight EndAntonio Gates
94.5%
MVPTom Brady
78.9%
Punt ReturnerDevin Hester
76.5%
LinebackerClay Matthews
76.1%
Wide ReceiverBrandon Lloyd
74.9%
Defensive Rookie of the YearNdamukong Suh
73.1%
TackleJake Long
72.5%
Wide ReceiverDavone Bess
66.4%
Coach of the YearBill Belichick
63.9%
Defensive TackleHaloti Ngata
60.2%
Defensive Player of the YearHaloti Ngata
60.2%
PunterShane Lechler
58.7%
Strong SafetyLaRon Landry
53.2%
Free SafetyEarl Thomas
48.6%
Position Player % Correct
CornerbackNnamdi Asomugha
48.3%
Kick ReturnerBrandon Tate
46.8%
Defensive EndTrent Cole
42.8%
CornerbackBrandon Flowers
38.2%
Defensive EndVince Wilfork
32.1%
KickerBilly Cundiff
30%
LinebackerLawrence Timmons
29.7%
CenterAlex Mack
25.7%
LinebackerCameron Wake
25.1%
Executive of the YearScott Pioli
25.1%
Offensive Rookie of the YearMaurkice Pouncey
23.5%
Coordinator of the YearPerry Fewell
20.8%
Comeback Player of the YearE.J. Henderson
16.5%
GuardBrandon Moore
13.5%
Defensive TackleJason Jones
13.5%
TackleMarshall Yanda
4.3%
GuardRyan Lilja
2.4%
Assistant of the YearRandy Fichtner
0.9%

You're not logged in!

Compare scores with friends on all Sporcle quizzes.
OR
Log In

Sporcle TV

Today on Sporcle TV


Watch our educational content, quiz creation guides, and fun videos on Sporcle TV.

Show Comments

Extras

Created Nov 8, 2010SourceReportNominate
Tags:NFL Quiz, 2010

Top Quizzes Today


Score Distribution

Your Account Isn't Verified!

In order to create a playlist on Sporcle, you need to verify the email address you used during registration. Go to your Sporcle Settings to finish the process.

Report this User

Report this user for behavior that violates our Community Guidelines.

Details: